| 000 | 01105nam a22002777a 4500 | ||
|---|---|---|---|
| 999 |
_c116291 _d116291 |
||
| 003 | dpl | ||
| 005 | 20180925142617.0 | ||
| 008 | 180925b ||||| |||| 00| 0 eng d | ||
| 010 | _aB-075187 | ||
| 020 |
_c350.00 _a8170559383 |
||
| 035 | _aB-075187, B-075191 | ||
| 037 | _bCen Lib/Ret | ||
| 040 |
_aDPL _bHN _c0 |
||
| 082 |
_aउ _bमेहरु |
||
| 100 |
_aमेहरुन्निसा परवेज़ _947612 |
||
| 245 |
_aसमरांगण / _cमेहरुन्निसा परवेज़ |
||
| 246 |
_aSamrangarh / _bby Mehrunnisa Parvez |
||
| 260 |
_aनई दिल्ली _bवाणी प्रकाशन _c2002 |
||
| 270 |
_a21-ए, दरियागंज _bनई दिल्ली _e110002 |
||
| 300 |
_a356पृ. _c21सेमी (सजिल्द) |
||
| 650 |
_a हिन्दी साहित्य _965786 |
||
| 650 |
_a हिन्दी साहित्य -- उपन्यास _946379 |
||
| 650 |
_aHindi literature _965787 |
||
| 650 |
_aHindi literature -- Fiction _965788 |
||
| 942 |
_2ddc _cHN _hउ _mमेहरु |
||